Most populous french-speaking countries - Statistics

General Stats
  • This quiz has been taken 63 times
    45 since last reset
  • The average score is 25 of 34
Answer Stats
Population Country % Correct
67,000,000 France
100%
42,000,000 Algeria
97%
11,000,000 Belgium
97%
37,000,000 Canada
97%
34,000,000 Morocco
95%
21,000,000 Niger
92%
24,000,000 Cameroon
89%
84,000,000 DR Congo
89%
24,000,000 Ivory Coast
89%
8,000,000 Switzerland
89%
11,000,000 Tunisia
89%
15,000,000 Chad
87%
16,000,000 Senegal
87%
5,000,000 Congo
84%
600,000 Luxembourg
82%
26,000,000 Madagascar
82%
19,000,000 Mali
82%
38,000 Monaco
82%
7,000,000 Togo
79%
11,000,000 Benin
76%
12,000,000 Guinea
76%
20,000,000 Burkina Faso
71%
4,000,000 Central African Republic
71%
10,000,000 Haiti
71%
2,000,000 Gabon
68%
1,000,000 Djibouti
63%
1,000,000 Mauritius
63%
1,000,000 Equatorial Guinea
50%
6,000,000 Lebanon
42%
2,000,000 Guinea-bissau
39%
2,000,000 The Gambia
37%
200,000 Sao Tome and Principe
24%
38,000 Liechtenstein
13%
1,000,000 Trinidad and Tobago
8%
No matching quizzes found
Score Distribution
Percent of People with Each Score
Percentile by Number Answered
Your Score History
You have not taken this quiz since the last reset